00438 2200169 4500001002100000005001500021035002000036008004100056245002600097100001500123260003700138300001300175084001700188082001100205650002600216990002600242INLIS00000000000034820240108032646 a0010-0823000348240108 0 ind 1 aRiwayat 25 Nabi Rasul aMoh. Rifai aSemarang :bCv Toha Putra,c1978 a127 hlm. a2x1.61 RIF r a2x1.61 4aKisah-Kisah Al-Qur'an a0722/STITINKA/01/2023